000 00485nam a2200181Ia 4500
005 20250508154540.0
008 008 250505s9999 xx 000 0 eng d
037 _aTextual
040 _aFEDL
_beng
_cFEDL
041 _aeng
_2eng
084 _aB, NAI
_qFEDL
100 _aSengupta Padmini
245 0 _aSarojini Naidu: A biography
260 _aBombay, India
_bAsia Publishing House
_c1966
300 _axi,359p
942 _cTEXL
_hB, NAI
999 _c1350855
_d1350855